Sunderland: The Premier League Years - Statistics

General Stats
  • This quiz has been taken 95 times
  • The average score is 21 of 50
Answer Stats
Answer % Correct
Jermain Defoe
79%
Kevin Phillips
79%
John O’Shea
74%
Steve Bruce
73%
Lee Cattermole
71%
David Moyes
70%
Paolo Di Canio
70%
Niall Quinn
69%
Peter Reid
69%
Roy Keane
67%
Sam Allardyce
67%
Gus Poyet
66%
Darren Bent
64%
Dick Advocaat
63%
Adam Johnson
61%
Martin O’Neill
57%
Kenwyne Jones
53%
Asamoah Gyan
51%
Jordan Henderson
51%
Sebastian Larsson
50%
Fabio Borini
49%
Michael Gray
49%
Mick McCarthy
49%
Kevin Ball
47%
Steven Fletcher
44%
Phil Bardsley
41%
Thomas Sørensen
40%
Simon Mignolet
37%
Ricky Sbragia
36%
Connor Wickham
34%
Howard Wilkinson
34%
Paul Stewart
33%
Stéphane Sessègnon
31%
Vito Mannone
31%
Dean Whitehead
30%
Lionel Pérez
27%
Lorik Cana
27%
Nicklas Bendtner
26%
Danny Collins
20%
Paul Bracewell
20%
Jody Craddock
19%
Yann M’Vila
19%
Steve Bould
17%
Don Hutchison
16%
Craig Russell
14%
Gary Breen
13%
James McClean
11%
Anthony Le Tallec
10%
Jordi Gómez
7%
Sean Thornton
3%
No matching quizzes found
Score Distribution
Percent of People with Each Score
Percentile by Number Answered
Your Score History
You have not taken this quiz